[Event "Otvoreno prvenstvo Paraæina za 2012. god"]
[Site "DCK - Paraæin"]
[Date "2012.01.22"]
[Round "4.18"]
[White "Tosic, Dragoljub"]
[Black "Rakic, Ognjan"]
[Result "1-0"]
[WhiteElo "1997"]
[BlackElo "1762"]
[PlyCount "61"]
[EventDate "2012.01.20"]

1. d4 {[%emt 0:00:00]} e6 {[%emt 0:00:00]} 2. Nf3 {[%emt 0:00:00]} d5 {[%emt 0:
00:00]} 3. g3 {[%emt 0:00:00]} c5 {[%emt 0:00:00]} 4. Bg2 {[%emt 0:00:00]} Nc6
{[%emt 0:00:00]} 5. O-O {[%emt 0:00:00]} cxd4 {[%emt 0:00:00]} 6. Nxd4 {[%emt
0:00:00]} Nxd4 {[%emt 0:00:00]} 7. Qxd4 {[%emt 0:00:00]} Nf6 {[%emt 0:00:00]}
8. c4 {[%emt 0:00:00]} Be7 {[%emt 0:00:00]} 9. Nc3 {[%emt 0:00:00]} dxc4 {
[%emt 0:00:00]} 10. Qxc4 {[%emt 0:00:00]} O-O {[%emt 0:00:00]} 11. Rd1 {[%emt
0:00:00]} Qa5 {[%emt 0:00:00]} 12. a3 {[%emt 0:00:00]} Qc5 {[%emt 0:00:00]} 13.
Qf4 {[%emt 0:00:00]} e5 {[%emt 0:00:00]} 14. Qa4 {[%emt 0:00:00]} Ng4 {[%emt 0:
00:00]} 15. Ne4 {[%emt 0:00:00]} Qc7 {[%emt 0:00:00]} 16. h3 {[%emt 0:00:00]}
Nf6 {[%emt 0:00:00]} 17. Be3 {[%emt 0:00:00]} Nxe4 {[%emt 0:00:00]} 18. Qxe4 {
[%emt 0:00:00]} f5 {[%emt 0:00:00]} 19. Qd5+ {[%emt 0:00:00]} Kh8 {[%emt 0:00:
00]} 20. Rac1 {[%emt 0:00:00]} Qb8 {[%emt 0:00:00]} 21. Bc5 {[%emt 0:00:00]}
Bxc5 {[%emt 0:00:00]} 22. Rxc5 {[%emt 0:00:00]} e4 {[%emt 0:00:00]} 23. e3 {
[%emt 0:00:00]} b6 {[%emt 0:00:00]} 24. Rc2 {[%emt 0:00:00]} Ba6 {[%emt 0:00:
00]} 25. Bf1 {[%emt 0:00:00]} Bxf1 {[%emt 0:00:00]} 26. Kxf1 {[%emt 0:00:00]}
Qe8 {[%emt 0:00:00]} 27. Rc7 {[%emt 0:00:00]} Qh5 {[%emt 0:00:00]} 28. h4 {
[%emt 0:00:00]} h6 {[%emt 0:00:00]} 29. Qd7 {[%emt 0:00:00]} Qg4 {[%emt 0:00:
00]} 30. Rd6 {[%emt 0:00:00]} a5 {[%emt 0:00:00]} 31. Rxh6+ {[%emt 0:00:00]}
1-0

[Event "Otvoreno prvenstvo Paraæina za 2012. god"]
[Site "DCK - Paraæin"]
[Date "2012.01.22"]
[Round "4.19"]
[White "Borkanovic, Jovan"]
[Black "Stefanovic, Rade"]
[Result "0-1"]
[WhiteElo "1860"]
[BlackElo "1657"]
[PlyCount "78"]
[EventDate "2012.01.20"]

1. d4 {[%emt 0:00:00]} Nf6 {[%emt 0:00:00]} 2. c4 {[%emt 0:00:00]} e6 {[%emt 0:
00:00]} 3. Nc3 {[%emt 0:00:00]} b6 {[%emt 0:00:00]} 4. e4 {[%emt 0:00:00]} d6 {
[%emt 0:00:00]} 5. Bg5 {[%emt 0:00:00]} Be7 {[%emt 0:00:00]} 6. Nf3 {[%emt 0:
00:00]} Bb7 {[%emt 0:00:00]} 7. d5 {[%emt 0:00:00]} exd5 {[%emt 0:00:00]} 8.
cxd5 {[%emt 0:00:00]} Nbd7 {[%emt 0:00:00]} 9. Bd3 {[%emt 0:00:00]} a5 {[%emt
0:00:00]} 10. O-O {[%emt 0:00:00]} Ba6 {[%emt 0:00:00]} 11. Bxa6 {[%emt 0:00:
00]} Rxa6 {[%emt 0:00:00]} 12. Nb5 {[%emt 0:00:00]} Ra8 {[%emt 0:00:00]} 13.
Qc2 {[%emt 0:00:00]} Nc5 {[%emt 0:00:00]} 14. a3 {[%emt 0:00:00]} O-O {[%emt 0:
00:00]} 15. Nfd4 {[%emt 0:00:00]} Ncxe4 {[%emt 0:00:00]} 16. Nc6 {[%emt 0:00:
00]} Qd7 {[%emt 0:00:00]} 17. Rfe1 {[%emt 0:00:00]} Rfe8 {[%emt 0:00:00]} 18.
Rxe4 {[%emt 0:00:00]} Nxe4 {[%emt 0:00:00]} 19. Bxe7 {[%emt 0:00:00]} Nc5 {
[%emt 0:00:00]} 20. Re1 {[%emt 0:00:00]} Na6 {[%emt 0:00:00]} 21. Nbd4 {[%emt
0:00:00]} Qg4 {[%emt 0:00:00]} 22. h3 {[%emt 0:00:00]} Qh5 {[%emt 0:00:00]} 23.
Qf5 {[%emt 0:00:00]} Qxf5 {[%emt 0:00:00]} 24. Nxf5 {[%emt 0:00:00]} g6 {[%emt
0:00:00]} 25. Nh6+ {[%emt 0:00:00]} Kg7 {[%emt 0:00:00]} 26. Ng4 {[%emt 0:00:
00]} f5 {[%emt 0:00:00]} 27. Nf6 {[%emt 0:00:00]} Rxe7 {[%emt 0:00:00]} 28.
Rxe7+ {[%emt 0:00:00]} Kxf6 {[%emt 0:00:00]} 29. Kf1 {[%emt 0:00:00]} h5 {
[%emt 0:00:00]} 30. Ke2 {[%emt 0:00:00]} Nc5 {[%emt 0:00:00]} 31. Rxc7 {[%emt
0:00:00]} Na4 {[%emt 0:00:00]} 32. Rd7 {[%emt 0:00:00]} Re8+ {[%emt 0:00:00]}
33. Kf3 {[%emt 0:00:00]} Nxb2 {[%emt 0:00:00]} 34. Rxd6+ {[%emt 0:00:00]} Kg7 {
[%emt 0:00:00]} 35. Nd4 {[%emt 0:00:00]} Nc4 {[%emt 0:00:00]} 36. Rc6 {[%emt 0:
00:00]} Ne5+ {[%emt 0:00:00]} 37. Kf4 {[%emt 0:00:00]} Nxc6 {[%emt 0:00:00]}
38. dxc6 {[%emt 0:00:00]} Re4+ {[%emt 0:00:00]} 39. Kg5 {[%emt 0:00:00]} Rxd4 {
[%emt 0:00:00]} 0-1